| 000 | 00434nam a2200169 a 4500 | ||
|---|---|---|---|
| 001 | 0000-9265 | ||
| 003 | ELIB.Books | ||
| 008 | 110520 1969 | ||
| 035 | _a(ELIB.Books)0000-9417 | ||
| 082 |
_a220.6 _bMck |
||
| 100 | _aMcknight, Edgar V. | ||
| 245 | _aWhat is from Criticism? | ||
| 260 |
_bPhiladelphia; Fortress Press _c1969 |
||
| 650 | _aBible - Criticism | ||
| 942 |
_2ddc _cBK |
||
| 998 |
_cbat _e2011-05-20 |
||
| 999 |
_c9265 _d9265 |
||